000
00243nam a2200109Ia 4500
008
190912s9999||||xx |||||||||||||| ||und||
100
_a
Naseema Naseem
245
0
_a
Misergah
260
_a
Karachi
_b
Misergah
_c
1981
300
_a
144
942
_c
BK
999
_c
7399
_d
7399